Flag Quiz - Statistics

General Stats
  • This quiz has been taken 20 times
  • The average score is 12 of 16
Answer Stats
Picture Answer % Correct
USA
100%
China
93%
Egypt
93%
France
93%
Netherlands
93%
Pakistan
87%
Indonesia
80%
Serbia
80%
Swaziland
67%
Uruguay
67%
Kiribati
60%
Turkmenistan
60%
Oman
53%
Palau
53%
Djibouti
47%
Sao Tome
47%
No matching quizzes found
Score Distribution
Percent of People with Each Score
Percentile by Number Answered
Your Score History
You have not taken this quiz